000 00644nam a22002297a 4500
001 00028949
005 20260429083051.0
008 260429b ag ||||| |||| 00| 0 spa d
020 _a8475836658
040 _aAR-CcCEOS
_bspa
_cAR-CcCEOS
041 _aspa
080 _a94:7(4)
090 _bMAT v.2
100 1 _aMatthew, Donald,
_d1930-
_91150
245 _aEuropa Medieval :
_bRaĆ­ces de la cultura moderna : Volumen II /
_cDonald Matthew
264 _aBarcelona :
_bFolio,
_c1994.
300 _a240 p. ;
_c24x18 cm.
490 _vAtlas culturales del mundo
650 0 _ahistoria
_990
655 0 _aarte
_9138
942 _2udc
_cBK
_n0
999 _c29002
_d29002